[Event "Titled Tuesday intern op 26th Sep Early"]
[Site "Chess.com INT"]
[Date "2023.09.26"]
[Round "10"]
[White "Babayeva, Nasrin"]
[Black "Sava, Christiansen"]
[Result "0-1"]
[WhiteElo "1889"]
[BlackElo "2002"]
[PlyCount "132"]
[EventDate "2023.09.26"]
[EventType "swiss (blitz)"]
[EventRounds "11"]
[EventCountry "USA"]
[SourceTitle "EXT 2024"]
[Source "ChessBase"]
[SourceDate "2023.10.10"]
[SourceVersion "1"]
[SourceVersionDate "2023.10.10"]
[SourceQuality "1"]

1. e4 e6 2. Qe2 c5 3. f4 Nc6 4. d3 g6 5. c3 Bg7 6. Be3 d6 7. Nd2 Nge7 8. Ngf3 0-0 9. Qf2 b6 10. g3 d5 11. Bg2 Bb7 12. 0-0 Qd7 13. e5 Nf5 14. d4 cxd4 15. Bxd4 h5 16. h3 Ncxd4 17. cxd4 Rfc8 18. g4 hxg4 19. hxg4 Ne7 20. Qh4 Rc2 21. Rab1 Ba6 22. Rfc1 Rac8 23. Rxc2 Rxc2 24. Nf1 Qb5 25. Qxe7 Qe2 26. Qd8+ Bf8 27. Ne1 Rxb2 28. Rxb2 Qxb2 29. Nf3 Be2 30. Qc7 Bxf3 31. Bxf3 Qxd4+ 32. Kg2 Qxf4 33. Qb7 Qxe5 34. Qxa7 Qb2+ 35. Kh3 Bd6 36. Qa8+ Kg7 37. Qa4 Be5 38. Qb3 Qf2 39. Qe3 Qxf1+ 40. Bg2 Qf4 41. Qxf4 Bxf4 42. a4 g5 43. Bf3 Kf6 44. Kg2 Ke5 45. Kf1 Kd4 46. Ke2 e5 47. Kd1 e4 48. Be2 Ke3 49. Kc2 d4 50. Bf1 d3+ 51. Kd1 Kf2 52. Bxd3 exd3 53. a5 Ke3 54. a6 Bb8 55. a7 Bxa7 56. Ke1 b5 57. Kd1 b4 58. Kc1 Bd4 59. Kd1 b3 60. Kc1 b2+ 61. Kb1 d2 62. Ka2 d1Q 63. Ka3 Qa1+ 64. Kb3 b1Q+ 65. Kc4 Qc3+ 66. Kd5 Qc5# 0-1

[Event "Titled Tuesday intern op 26th Sep Early"]
[Site "Chess.com INT"]
[Date "2023.09.26"]
[Round "5"]
[White "Sabar, Ethmane Daouda"]
[Black "Sava, Christiansen"]
[Result "0-1"]
[WhiteElo "2040"]
[BlackElo "2002"]
[PlyCount "64"]
[EventDate "2023.09.26"]
[EventType "swiss (blitz)"]
[EventRounds "11"]
[EventCountry "USA"]
[SourceTitle "EXT 2024"]
[Source "ChessBase"]
[SourceDate "2023.10.10"]
[SourceVersion "1"]
[SourceVersionDate "2023.10.10"]
[SourceQuality "1"]

1. b3 Nf6 2. Bb2 e6 3. e3 Be7 4. f4 0-0 5. Nf3 d5 6. Bd3 c5 7. Nc3 Nc6 8. a3 d4 9. Ne4 Nd5 10. Qe2 f5 11. Neg5 e5 12. Bc4 e4 13. Ng1 Bxg5 14. fxg5 Be6 15. Nh3 f4 16. Bxd5 Bxd5 17. Nxf4 Qxg5 18. Nxd5 Qxd5 19. 0-0-0 d3 20. cxd3 exd3 21. Qg4 Rf7 22. Qc4 Qxc4+ 23. bxc4 Na5 24. Rhf1 Nb3+ 25. Kb1 Nxd2+ 26. Rxd2 Rxf1+ 27. Ka2 Rd8 28. Kb3 Re1 29. Be5 Re2 30. Kc3 Rxd2 31. Kxd2 b6 32. a4 Kf7 0-1

[Event "Titled Tuesday intern op 26th Sep Early"]
[Site "Chess.com INT"]
[Date "2023.09.26"]
[Round "4"]
[White "Sava, Christiansen"]
[Black "Manukian, Artak"]
[Result "1/2-1/2"]
[WhiteElo "2002"]
[BlackElo "2196"]
[PlyCount "134"]
[EventDate "2023.09.26"]
[EventType "swiss (blitz)"]
[EventRounds "11"]
[EventCountry "USA"]
[SourceTitle "EXT 2024"]
[Source "ChessBase"]
[SourceDate "2023.10.10"]
[SourceVersion "1"]
[SourceVersionDate "2023.10.10"]
[SourceQuality "1"]

1. d4 d5 2. c4 dxc4 3. e3 e5 4. dxe5 Qxd1+ 5. Kxd1 Nc6 6. Bxc4 Nxe5 7. Be2 Bf5 8. Nf3 0-0-0+ 9. Ke1 Nd3+ 10. Bxd3 Bxd3 11. Nc3 Nf6 12. Bd2 Ne4 13. Nxe4 Bxe4 14. Bc3 f6 15. Rd1 Rxd1+ 16. Kxd1 c5 17. Ke2 Be7 18. Rd1 Kc7 19. Ne1 Rd8 20. Rxd8 Bxd8 21. f3 Bd5 22. b3 b5 23. e4 Be6 24. Nd3 c4 25. Nf4 Bf7 26. b4 Kc6 27. Ke3 Bb6+ 28. Ke2 Bc7 29. g3 Bd6 30. Ng2 a5 31. a3 axb4 32. axb4 Be6 33. Ne3 Bc7 34. f4 Bb6 35. f5 Bf7 36. g4 Kd6 37. Kf3 Be8 38. Ng2 Bc6 39. Nf4 Ke7 40. h4 Bc7 41. Nh5 Kf7 42. g5 fxg5 43. hxg5 g6 44. fxg6+ Kxg6 45. Nf4+ Kf7 46. Nd5 Bxd5 47. exd5 Kg6 48. Kg4 Bd6 49. Kh4 Be7 50. Bd2 h6 51. Kg4 hxg5 52. Bc3 Bf8 53. Bd2 Be7 54. Bc3 Bf6 55. Bd2 c3 56. Bc1 c2 57. d6 Kf7 58. Kf5 Bc3 59. Bxg5 Bxb4 60. d7 Be7 61. Bc1 b4 62. Ke5 b3 63. Kd4 Bf6+ 64. Kd3 b2 65. Kxc2 bxc1Q+ 66. Kxc1 Ke7 67. Kc2 Kxd7 1/2-1/2

[Event "Titled Tuesday intern op 26th Sep Early"]
[Site "Chess.com INT"]
[Date "2023.09.26"]
[Round "3"]
[White "Sava, Christiansen"]
[Black "Remolar Gallen, Jose"]
[Result "0-1"]
[WhiteElo "2002"]
[BlackElo "2329"]
[PlyCount "100"]
[EventDate "2023.09.26"]
[EventType "swiss (blitz)"]
[EventRounds "11"]
[EventCountry "USA"]
[SourceTitle "EXT 2024"]
[Source "ChessBase"]
[SourceDate "2023.10.10"]
[SourceVersion "1"]
[SourceVersionDate "2023.10.10"]
[SourceQuality "1"]

1. d4 g6 2. c4 Bg7 3. Nc3 d6 4. e4 Nc6 5. Nge2 e5 6. d5 Nce7 7. Be3 f5 8. f3 Nf6 9. Qd2 fxe4 10. Nxe4 Nf5 11. Bg5 0-0 12. Nxf6+ Bxf6 13. Bxf6 Qxf6 14. 0-0-0 Bd7 15. Nc3 Nd4 16. Bd3 a6 17. Ne4 Qf4 18. Qxf4 exf4 19. Rhe1 Rae8 20. Bb1 Nf5 21. Rd2 Ne3 22. b3 Nf5 23. g3 fxg3 24. hxg3 c6 25. dxc6 Bxc6 26. g4 Nh4 27. Re3 Nxf3 28. Rf2 Bxe4 29. Rxe4 Rxe4 30. Bxe4 Ne5 31. Rxf8+ Kxf8 32. Bxb7 a5 33. g5 Nf7 34. Kb2 Nxg5 35. Ka3 h5 36. Ka4 h4 37. Kxa5 h3 38. Kb6 Ne6 39. a4 Nc5 40. Bd5 Nxb3 41. a5 Nxa5 42. Kxa5 Ke7 43. Kb6 Kf6 44. Kc7 Ke5 45. Kc6 g5 46. Kd7 g4 47. Kc6 g3 48. c5 dxc5 49. Kxc5 g2 50. Bxg2 hxg2 0-1

[Event "Titled Tuesday intern op 29th Aug Early"]
[Site "Chess.com INT"]
[Date "2023.08.29"]
[Round "6"]
[White "Pinero Rodriguez, Carlos Jose"]
[Black "Sava, Christiansen"]
[Result "0-1"]
[WhiteElo "2246"]
[BlackElo "2002"]
[PlyCount "46"]
[EventDate "2023.08.29"]
[EventType "swiss (blitz)"]
[EventRounds "11"]
[EventCountry "USA"]
[SourceTitle "EXT 2024"]
[Source "ChessBase"]
[SourceDate "2023.10.10"]
[SourceVersion "1"]
[SourceVersionDate "2023.10.10"]
[SourceQuality "1"]

1. e4 c5 2. Nf3 e6 3. d4 cxd4 4. Nxd4 Nc6 5. Nb5 d6 6. c4 Nf6 7. N1c3 a6 8. Na3 Be7 9. Be2 0-0 10. 0-0 Bd7 11. Be3 Rc8 12. Rc1 Qa5 13. Nc2 Nb4 14. a3 Nxc2 15. Rxc2 b5 16. cxb5 axb5 17. Qd4 Rc7 18. Rd1 Rfc8 19. Qb6 Qa8 20. Rcd2 Rb7 21. Qd4 Qb8 22. Na2 d5 23. Qxd5 exd5 0-1

[Event "Titled Tuesday intern op 29th Aug Early"]
[Site "Chess.com INT"]
[Date "2023.08.29"]
[Round "1"]
[White "Sava, Christiansen"]
[Black "Erzhanov, Arman"]
[Result "0-1"]
[WhiteElo "2002"]
[BlackElo "2175"]
[PlyCount "68"]
[EventDate "2023.08.29"]
[EventType "swiss (blitz)"]
[EventRounds "11"]
[EventCountry "USA"]
[SourceTitle "EXT 2024"]
[Source "ChessBase"]
[SourceDate "2023.10.10"]
[SourceVersion "1"]
[SourceVersionDate "2023.10.10"]
[SourceQuality "1"]

1. c4 d6 2. e3 e5 3. Nc3 Nd7 4. d3 g6 5. Nf3 Bg7 6. Be2 Ne7 7. 0-0 0-0 8. Rb1 f5 9. Qc2 a5 10. a3 h6 11. b4 axb4 12. axb4 g5 13. Bb2 Ng6 14. Nd5 c6 15. Nc3 g4 16. Nd2 h5 17. b5 Nc5 18. d4 exd4 19. exd4 Bxd4 20. Nb3 Nxb3 21. Qxb3 Nf4 22. Rbd1 Bxc3 23. Bxc3 Nxe2+ 24. Kh1 Nxc3 25. Qxc3 Qf6 26. Qd2 Be6 27. Qf4 d5 28. c5 Rfe8 29. Rfe1 Bf7 30. b6 Kg7 31. Qc7 Rxe1+ 32. Rxe1 Ra1 33. Rg1 Rxg1+ 34. Kxg1 Qa1# 0-1

[Event "Titled Tuesday intern op 29th Aug Early"]
[Site "Chess.com INT"]
[Date "2023.08.29"]
[Round "7"]
[White "Sava, Christiansen"]
[Black "Ovezdurdiyeva, Jemal"]
[Result "1-0"]
[WhiteElo "2002"]
[BlackElo "2057"]
[PlyCount "53"]
[EventDate "2023.08.29"]
[EventType "swiss (blitz)"]
[EventRounds "11"]
[EventCountry "USA"]
[SourceTitle "EXT 2024"]
[Source "ChessBase"]
[SourceDate "2023.10.10"]
[SourceVersion "1"]
[SourceVersionDate "2023.10.10"]
[SourceQuality "1"]

1. c4 d6 2. e3 Nf6 3. Nc3 g6 4. d3 Bg7 5. Nf3 0-0 6. Be2 e5 7. 0-0 Nc6 8. a3 a5 9. Qc2 Be6 10. Bd2 Ne8 11. Rfc1 f5 12. Rab1 f4 13. Nd5 fxe3 14. fxe3 Ne7 15. e4 c6 16. Nxe7+ Qxe7 17. Be3 Nf6 18. Kh1 Nh5 19. b4 axb4 20. axb4 Nf4 21. Bf1 Bg4 22. Ng1 Ne6 23. h3 Bh5 24. g4 Bxg4 25. hxg4 Qh4+ 26. Qh2 Qxg4 27. Bh3 1-0

[Event "Titled Tuesday intern op 22nd Aug Early"]
[Site "Chess.com INT"]
[Date "2023.08.22"]
[Round "11"]
[White "Bogaudinov, Rushan"]
[Black "Sava, Christiansen"]
[Result "1-0"]
[WhiteElo "1853"]
[BlackElo "2002"]
[PlyCount "107"]
[EventDate "2023.08.22"]
[EventType "swiss (blitz)"]
[EventRounds "11"]
[EventCountry "USA"]
[SourceTitle "EXT 2024"]
[Source "ChessBase"]
[SourceDate "2023.10.10"]
[SourceVersion "1"]
[SourceVersionDate "2023.10.10"]
[SourceQuality "1"]

1. b4 Nf6 2. Bb2 e6 3. a3 Be7 4. g3 0-0 5. Bg2 a5 6. b5 d6 7. c4 Nbd7 8. Nf3 d5 9. d3 dxc4 10. dxc4 Nc5 11. 0-0 Qxd1 12. Rxd1 Nb3 13. Ra2 Ne4 14. Nbd2 Nexd2 15. Nxd2 a4 16. Nxb3 axb3 17. Raa1 Ra4 18. Rac1 e5 19. Rc3 Bxa3 20. Bxa3 Rxa3 21. Rb1 b6 22. Bd5 Bf5 23. Rbxb3 Ra1+ 24. Kg2 Re1 25. Re3 Re8 26. Ra3 h5 27. h3 Rc1 28. Ra7 Re7 29. f4 e4 30. Raa3 Rc2 31. Rac3 Rxc3 32. Rxc3 e3 33. Bf3 g6 34. g4 hxg4 35. hxg4 Bd7 36. Kg3 Kf8 37. Bd5 Kg7 38. Kf3 Bc8 39. g5 Be6 40. Rxe3 Bxd5+ 41. cxd5 Rd7 42. Rd3 Kf8 43. e4 Ke7 44. e5 Rd8 45. Ke4 Kd7 46. d6 c6 47. bxc6+ Kxc6 48. Rc3+ Kb5 49. Kd5 Ka5 50. Rc7 b5 51. Ra7+ Kb6 52. Rxf7 b4 53. Rh7 b3 54. Rh3 1-0

[Event "Titled Tuesday intern op 22nd Aug Early"]
[Site "Chess.com INT"]
[Date "2023.08.22"]
[Round "10"]
[White "Sava, Christiansen"]
[Black "Harriott, Tyrell"]
[Result "1/2-1/2"]
[WhiteElo "2002"]
[BlackElo "1778"]
[PlyCount "163"]
[EventDate "2023.08.22"]
[EventType "swiss (blitz)"]
[EventRounds "11"]
[EventCountry "USA"]
[SourceTitle "EXT 2024"]
[Source "ChessBase"]
[SourceDate "2023.10.10"]
[SourceVersion "1"]
[SourceVersionDate "2023.10.10"]
[SourceQuality "1"]

1. c4 e6 2. Nc3 d5 3. e3 c6 4. d4 f5 5. Nf3 Nf6 6. Be2 Bd6 7. 0-0 0-0 8. a3 Nbd7 9. b4 Ne4 10. Bb2 Qf6 11. Ne1 Qh6 12. g3 Ndf6 13. Ng2 g5 14. Nxe4 Nxe4 15. h4 gxh4 16. Nxh4 Nxg3 17. fxg3 Bxg3 18. Nf3 Kh8 19. Kg2 Rg8 20. Rg1 Qxe3 21. Kh1 Qh6+ 22. Kg2 Bh2+ 23. Kf1 Qh3+ 24. Kf2 Bxg1+ 25. Nxg1 Qh2+ 26. Ke3 Rg3+ 27. Nf3 Rg2 28. Nxh2 Rxh2 29. cxd5 exd5 30. Qg1 Rh6 31. Qg5 Rg6 32. Qd8+ Kg7 33. Qe7+ Kg8 34. Rh1 Re6+ 35. Qxe6+ Bxe6 36. Kf4 Re8 37. Bd3 Re7 38. Re1 Kf7 39. Bxf5 Bxf5 40. Rxe7+ Kxe7 41. Kxf5 Kd6 42. Bc1 b6 43. Bf4+ Kd7 44. Ke5 h5 45. Bg5 a6 46. Bh4 a5 47. bxa5 bxa5 48. Bg5 a4 49. Bh4 Kc7 50. Ke6 Kb6 51. Kd6 Kb5 52. Bf2 c5 53. dxc5 Kc4 54. c6 d4 55. Bxd4 Kxd4 56. c7 h4 57. c8Q h3 58. Qxh3 Kc4 59. Qe3 Kb5 60. Qc3 Ka6 61. Kc7 Kb5 62. Qa5+ Kxa5 63. Kc6 Ka6 64. Kc5 Ka5 65. Kc4 Ka6 66. Kb4 Kb6 67. Kxa4 Ka6 68. Kb4 Kb6 69. a4 Ka6 70. a5 Ka7 71. Ka4 Kb7 72. Kb5 Ka7 73. a6 Kb8 74. Ka5 Ka8 75. Kb6 Kb8 76. Kb5 Ka7 77. Ka5 Kb8 78. Kb5 Ka7 79. Ka5 Kb8 80. Kb6 Ka8 81. Kc6 Kb8 82. Kb5 1/2-1/2

[Event "Titled Tuesday intern op 15th Aug Early"]
[Site "Chess.com INT"]
[Date "2023.08.15"]
[Round "3"]
[White "Sava, Christiansen"]
[Black "Bach, Ngoc Thuy Duong"]
[Result "0-1"]
[WhiteElo "2002"]
[BlackElo "2228"]
[PlyCount "106"]
[EventDate "2023.08.15"]
[EventType "swiss (blitz)"]
[EventRounds "11"]
[EventCountry "USA"]
[SourceTitle "EXT 2024"]
[Source "ChessBase"]
[SourceDate "2023.10.10"]
[SourceVersion "1"]
[SourceVersionDate "2023.10.10"]
[SourceQuality "1"]

1. d4 d5 2. c4 e6 3. g3 c6 4. Bg2 Nf6 5. Bf1 dxc4 6. Bg2 b5 7. Nf3 Bb7 8. 0-0 Nbd7 9. a4 a6 10. Nbd2 Be7 11. e4 0-0 12. e5 Nd5 13. Ne4 h6 14. g4 c5 15. g5 h5 16. h4 cxd4 17. Qxd4 Qb6 18. Qxb6 N7xb6 19. g6 fxg6 20. axb5 axb5 21. Rxa8 Bxa8 22. Bg5 Bxg5 23. Nexg5 Nf4 24. Bh1 Nbd5 25. Nd4 Nc7 26. Bxa8 Rxa8 27. Kh2 Ra6 28. Kg3 Nd3 29. b3 cxb3 30. Nxb3 Nxe5 31. Nc5 Rc6 32. Nce4 Nd5 33. Rb1 b4 34. f3 Nd7 35. Rb2 Kf8 36. Nd2 Ke7 37. Nb3 Rc4 38. Re2 Nf8 39. Na5 Rc3 40. Rb2 Nd7 41. Re2 Nc5 42. Kf2 b3 43. Kg3 Rc2 44. Re1 b2 45. Rb1 Nc3 46. Rxb2 Rxb2 47. Nc4 Rc2 48. Ne5 Ne2+ 49. Kh3 Nf4+ 50. Kg3 Ncd3 51. Nxd3 Nxd3 52. Ne4 e5 53. Ng5 Nf4 0-1

[Event "Titled Tuesday intern op 15th Aug Late"]
[Site "Chess.com INT"]
[Date "2023.08.15"]
[Round "3"]
[White "Sava, Christiansen"]
[Black "Mickiewicz, Piotr"]
[Result "0-1"]
[WhiteElo "2002"]
[BlackElo "2243"]
[PlyCount "78"]
[EventDate "2023.08.15"]
[EventType "swiss (blitz)"]
[EventRounds "11"]
[EventCountry "USA"]
[SourceTitle "EXT 2024"]
[Source "ChessBase"]
[SourceDate "2023.10.10"]
[SourceVersion "1"]
[SourceVersionDate "2023.10.10"]
[SourceQuality "1"]

1. d4 d6 2. c4 g6 3. g3 Bg7 4. Bg2 Nf6 5. Nf3 0-0 6. 0-0 Nbd7 7. Nbd2 c5 8. d5 b5 9. Rb1 Rb8 10. Re1 bxc4 11. Nxc4 Ba6 12. Ne3 Qa5 13. Bd2 Qc7 14. Bc3 Ne4 15. Bxg7 Kxg7 16. Qc2 Nef6 17. Nd2 Rb4 18. b3 Rfb8 19. Ndc4 Nb6 20. Red1 Nxc4 21. Nxc4 Bxc4 22. bxc4 Qa5 23. Rxb4 Qxb4 24. Rc1 Qa3 25. Bf3 Rb2 26. Qc3 Qxc3 27. Rxc3 Rxa2 28. Rb3 Nd7 29. Rb7 Ne5 30. Rxe7 Kf6 31. Re8 Nxc4 32. Rd8 Ke7 33. Rh8 h5 34. Rb8 Ne5 35. Rb7+ Kf6 36. Be4 a5 37. e3 a4 38. Rb6 Nc4 39. Bd3 Nxb6 0-1

[Event "Titled Tuesday intern op 15th Aug Early"]
[Site "Chess.com INT"]
[Date "2023.08.15"]
[Round "10"]
[White "Sava, Christiansen"]
[Black "Yunusov, Nuriddin"]
[Result "1-0"]
[WhiteElo "2002"]
[BlackElo "2012"]
[PlyCount "55"]
[EventDate "2023.08.15"]
[EventType "swiss (blitz)"]
[EventRounds "11"]
[EventCountry "USA"]
[SourceTitle "EXT 2024"]
[Source "ChessBase"]
[SourceDate "2023.10.10"]
[SourceVersion "1"]
[SourceVersionDate "2023.10.10"]
[SourceQuality "1"]

1. d4 Nf6 2. c4 g6 3. Nc3 Bg7 4. e4 d6 5. f4 0-0 6. Nf3 c5 7. d5 e6 8. Be2 exd5 9. cxd5 b5 10. e5 dxe5 11. fxe5 Ng4 12. Bxb5 Nxe5 13. 0-0 Bg4 14. Be2 Nbd7 15. Nxe5 Bxe2 16. Qxe2 Nxe5 17. Bf4 Re8 18. Kh1 Nc6 19. Qg4 Nd4 20. Rae1 Qc8 21. Qxc8 Raxc8 22. d6 Red8 23. Nd5 Bf8 24. d7 Rc6 25. Re8 Rxd7 26. Bh6 Ne6 27. Nf6+ Kh8 28. Nxd7 1-0

[Event "Titled Tuesday intern op 11th Jul Early"]
[Site "Chess.com INT"]
[Date "2023.07.11"]
[Round "1"]
[White "Sava, Christiansen"]
[Black "Haszon, David"]
[Result "1-0"]
[WhiteElo "2002"]
[BlackElo "2250"]
[PlyCount "77"]
[EventDate "2023.07.11"]
[EventType "swiss (blitz)"]
[EventRounds "11"]
[EventCountry "USA"]
[SourceTitle "EXT 2024"]
[Source "ChessBase"]
[SourceDate "2023.10.10"]
[SourceVersion "1"]
[SourceVersionDate "2023.10.10"]
[SourceQuality "1"]

1. d4 Nf6 2. c4 c5 3. d5 b5 4. cxb5 a6 5. bxa6 Bxa6 6. Nc3 g6 7. g3 Bg7 8. Bg2 d6 9. Nf3 0-0 10. 0-0 Qa5 11. Rb1 Nbd7 12. a4 Rfb8 13. Bd2 c4 14. Nd4 Qc5 15. Nc6 Qb6 16. Be3 Qc7 17. Nxb8 Rxb8 18. Qc2 Ng4 19. Bf4 h5 20. h3 Nge5 21. Rfc1 Qa5 22. Bd2 Qc7 23. Kh2 Nc5 24. f4 Ned7 25. Nb5 Qb6 26. Qxc4 Nxa4 27. Qxa4 Bxb5 28. Qa5 Qf2 29. Rc7 Qxe2 30. Bc3 Bd3 31. Re1 Qf2 32. Rxd7 h4 33. Bxg7 hxg3+ 34. Kh1 Kxg7 35. Qc3+ Kh7 36. Rdxe7 Be4 37. Rxf7+ Kh6 38. Qg7+ Kh5 39. Qh7# 1-0

[Event "Titled Tuesday intern op 11th Jul Early"]
[Site "Chess.com INT"]
[Date "2023.07.11"]
[Round "4"]
[White "Sava, Christiansen"]
[Black "Korol, Dimitry"]
[Result "0-1"]
[WhiteElo "2002"]
[BlackElo "2287"]
[PlyCount "60"]
[EventDate "2023.07.11"]
[EventType "swiss (blitz)"]
[EventRounds "11"]
[EventCountry "USA"]
[SourceTitle "EXT 2024"]
[Source "ChessBase"]
[SourceDate "2023.10.10"]
[SourceVersion "1"]
[SourceVersionDate "2023.10.10"]
[SourceQuality "1"]

1. d4 Nf6 2. c4 c5 3. d5 b5 4. cxb5 a6 5. bxa6 g6 6. Nc3 Bxa6 7. g3 d6 8. Bg2 Bg7 9. Bf3 0-0 10. Nh3 Nbd7 11. Nf4 Ne5 12. Bg2 Qa5 13. 0-0 Rfb8 14. a4 Nc4 15. Rb1 Nd7 16. Bd2 Nxb2 17. Qc2 Nc4 18. Rxb8+ Rxb8 19. Rb1 Rxb1+ 20. Nxb1 Nxd2 21. Nxd2 Nb6 22. h4 Qxa4 23. Qb1 Qa1 24. Qxa1 Bxa1 25. Kf1 h5 26. Ke1 Bc3 27. Kd1 Nc4 28. Nxc4 Bxc4 29. Nd3 Bd4 30. f3 Bxd5 0-1

[Event "Titled Tuesday intern op 06th Dec Early"]
[Site "Chess.com INT"]
[Date "2022.12.06"]
[Round "5"]
[White "Farmani Anosheh, Armin"]
[Black "Sava, Christiansen"]
[Result "1-0"]
[WhiteElo "2297"]
[BlackElo "2002"]
[PlyCount "83"]
[EventDate "2022.12.06"]
[EventType "swiss (blitz)"]
[EventRounds "11"]
[EventCountry "USA"]
[SourceTitle "CBM 211 Extra"]
[Source "ChessBase"]
[SourceDate "2023.01.31"]
[SourceVersion "1"]
[SourceVersionDate "2023.01.31"]
[SourceQuality "1"]

1. e4 e6 2. d4 d5 3. Nd2 c5 4. Ngf3 Nc6 5. exd5 exd5 6. Bb5 a6 7. Bxc6+ bxc6 8. 0-0 Bd6 9. dxc5 Bxc5 10. c4 Ne7 11. cxd5 cxd5 12. Nb3 Bb6 13. h3 0-0 14. Re1 Bf5 15. Be3 Bxe3 16. Rxe3 Be4 17. Nfd4 Nf5 18. Nxf5 Bxf5 19. Nd4 Bg6 20. Qd2 Qb6 21. Rae1 h5 22. b3 Be4 23. f3 Bg6 24. h4 Rac8 25. Kh2 Qd6+ 26. g3 Qb6 27. Re5 Rfd8 28. R1e2 a5 29. Rg5 Qb4 30. Qf4 a4 31. g4 hxg4 32. h5 Bd3 33. Rd2 Rc2 34. Rxc2 Bxc2 35. Rxg7+ Kxg7 36. Ne6+ fxe6 37. Qxb4 axb3 38. Qe7+ Kh6 39. Qxd8 bxa2 40. Qf6+ Kxh5 41. f4 Bf5 42. Qg5# 1-0

[Event "Titled Tuesday intern op 18th Oct Early"]
[Site "Chess.com INT"]
[Date "2022.10.18"]
[Round "3"]
[White "Sava, Christiansen"]
[Black "Ruge, Edison"]
[Result "0-1"]
[WhiteElo "2004"]
[BlackElo "2201"]
[PlyCount "76"]
[EventDate "2022.10.18"]
[EventType "swiss (blitz)"]
[EventRounds "11"]
[EventCountry "USA"]
[SourceTitle "EXT 2024"]
[Source "ChessBase"]
[SourceDate "2023.10.10"]
[SourceVersion "1"]
[SourceVersionDate "2023.10.10"]
[SourceQuality "1"]

1. d4 Nf6 2. c4 g6 3. g3 Bg7 4. Bg2 d6 5. Nf3 0-0 6. Nc3 c6 7. 0-0 Qa5 8. Re1 Qh5 9. b3 Bh3 10. Bb2 Bxg2 11. Kxg2 Nbd7 12. e4 e5 13. dxe5 dxe5 14. Qc2 Nc5 15. b4 Ne6 16. h3 Nd4 17. Nxd4 exd4 18. Ne2 Rfe8 19. Nf4 Qe5 20. Rad1 Rad8 21. f3 Bh6 22. Nd3 Qe7 23. e5 Nh5 24. f4 b6 25. c5 Rd5 26. cxb6 axb6 27. Qxc6 Red8 28. Rc1 Qa7 29. a3 Qa6 30. Qc4 Qa8 31. Rc2 Rxe5+ 32. Kh2 Re3 33. Rce2 Qf3 34. Rxe3 dxe3 35. Rg1 e2 36. Ne1 Qf2+ 37. Ng2 Qxg3+ 38. Kh1 Qxh3# 0-1

[Event "Titled Tuesday intern op 14th Jun Early"]
[Site "Chess.com INT"]
[Date "2022.06.14"]
[Round "7"]
[White "Sava, Christiansen"]
[Black "Miszler, Levente"]
[Result "1-0"]
[WhiteElo "2004"]
[BlackElo "2243"]
[PlyCount "161"]
[EventDate "2022.06.14"]
[EventType "swiss (blitz)"]
[EventRounds "11"]
[EventCountry "USA"]
[SourceTitle "EXT 2023"]
[Source "ChessBase"]
[SourceDate "2022.10.05"]
[SourceVersion "1"]
[SourceVersionDate "2022.10.05"]
[SourceQuality "1"]

1. e4 e6 2. d4 d5 3. exd5 exd5 4. Nf3 Nf6 5. Be2 Bd6 6. 0-0 0-0 7. Bg5 h6 8. Bh4 c6 9. Bg3 Bf5 10. Nbd2 Re8 11. c3 Ne4 12. Nxe4 dxe4 13. Ne5 Bxe5 14. dxe5 Nd7 15. f4 exf3 16. Rxf3 Bg4 17. Re3 Bxe2 18. Rxe2 Qe7 19. Qb3 Nc5 20. Qc4 Rad8 21. Rf1 Rd5 22. Qf4 Nd3 23. Qe3 b6 24. Rd1 Red8 25. Red2 Qd7 26. c4 Rd4 27. Bf2 c5 28. Bh4 g5 29. Bg3 Qf5 30. Rf1 Qe4 31. Qxe4 Rxe4 32. Rfd1 Red4 33. Bf2 R4d7 34. Bg3 Kf8 35. b3 Ke7 36. Kf1 Ke6 37. Re2 Nb4 38. Rxd7 Rxd7 39. Rf2 h5 40. Rf6+ Ke7 41. h3 h4 42. Bh2 Rd1+ 43. Ke2 Ra1 44. Rf5 Rxa2+ 45. Kf3 Nc2 46. Rxg5 Nd4+ 47. Ke4 Nxb3 48. Rh5 Nd4 49. Rxh4 Rxg2 50. Bf4 a5 51. Rh8 Re2+ 52. Kd5 a4 53. h4 a3 54. Bg5+ Kd7 55. Ra8 a2 56. h5 Nb3 57. Ra7+ Kc8 58. h6 a1Q 59. Rxa1 Nxa1 60. Bf6 Rh2 61. Bg7 Rh1 62. e6 Nc2 63. exf7 Nb4+ 64. Ke4 Re1+ 65. Kf5 Rf1+ 66. Kg6 Rg1+ 67. Kh7 Rf1 68. Kg8 Nc6 69. f8Q+ Rxf8+ 70. Bxf8 Ne5 71. h7 Ng6 72. Kg7 Nxf8 73. Kxf8 b5 74. h8Q b4 75. Qe5 Kb7 76. Qxc5 Ka6 77. Qxb4 Ka7 78. c5 Ka8 79. c6 Ka7 80. c7 Ka6 81. c8Q+ 1-0

[Event "Titled Tuesday intern op 14th Jun Early"]
[Site "Chess.com INT"]
[Date "2022.06.14"]
[Round "1"]
[White "Yaniuk, Volodymyr"]
[Black "Sava, Christiansen"]
[Result "1-0"]
[WhiteElo "2223"]
[BlackElo "2004"]
[PlyCount "81"]
[EventDate "2022.06.14"]
[EventType "swiss (blitz)"]
[EventRounds "11"]
[EventCountry "USA"]
[SourceTitle "EXT 2023"]
[Source "ChessBase"]
[SourceDate "2022.10.05"]
[SourceVersion "1"]
[SourceVersionDate "2022.10.05"]
[SourceQuality "1"]

1. c4 c5 2. e3 Nc6 3. Nf3 g6 4. d4 cxd4 5. exd4 Bg7 6. d5 Ne5 7. Nd4 d6 8. Nc3 Nf6 9. Be2 0-0 10. 0-0 a6 11. h3 Rb8 12. a4 Qc7 13. b3 Ned7 14. Be3 Nc5 15. Qc2 Ncd7 16. Rfc1 Re8 17. b4 a5 18. Ndb5 Qd8 19. c5 axb4 20. c6 bxc6 21. dxc6 Rxb5 22. Nxb5 Ne5 23. f4 Nd5 24. Bd2 Bf5 25. Qb3 Qb6+ 26. Kh2 Nxf4 27. Bxf4 Nxc6 28. Ra2 Be6 29. Bc4 Na5 30. Qxb4 Nxc4 31. Rxc4 Bxc4 32. Qxc4 Ra8 33. Bg3 e6 34. Bxd6 h5 35. h4 Bf6 36. Bg3 Bd8 37. Rd2 Qa5 38. Rd7 Bf6 39. Qf4 Bg7 40. Qxf7+ Kh8 41. Qxg7# 1-0

[Event "Speed Chess GP3"]
[Site "Chess.com INT"]
[Date "2021.10.02"]
[Round "5"]
[White "Demin, Vladimir"]
[Black "Sava, Christiansen"]
[Result "1-0"]
[WhiteElo "2430"]
[BlackElo "2004"]
[PlyCount "91"]
[EventDate "2021.10.02"]
[EventType "swiss (blitz)"]
[EventRounds "10"]
[EventCountry "USA"]
[SourceTitle "CBM 204 Extra"]
[Source "ChessBase"]
[SourceDate "2021.11.30"]
[SourceVersion "1"]
[SourceVersionDate "2021.11.30"]
[SourceQuality "1"]

1. e4 c5 2. Nf3 d6 3. d4 cxd4 4. Qxd4 Nc6 5. Bb5 Bd7 6. Bxc6 Bxc6 7. Nc3 Nf6 8. Bg5 e6 9. 0-0-0 Be7 10. Qd3 a6 11. Nd4 Qc7 12. f4 Rc8 13. Kb1 0-0 14. f5 e5 15. Nf3 b5 16. Bxf6 Bxf6 17. Rd2 Rfd8 18. g4 Be7 19. g5 Bf8 20. h4 b4 21. Nd5 Bxd5 22. Qxd5 Qc6 23. h5 Qxd5 24. Rxd5 f6 25. Rg1 Kf7 26. g6+ hxg6 27. fxg6+ Ke6 28. Nh4 Rc4 29. Re1 Rdc8 30. Rd2 R8c5 31. Nf5 d5 32. h6 gxh6 33. g7 Bxg7 34. Nxg7+ Kf7 35. Nf5 Ke6 36. exd5+ Rxd5 37. Rxd5 Kxd5 38. Ne3+ Kd4 39. Nxc4 Kxc4 40. Rf1 e4 41. Kc1 Kd4 42. Rxf6 e3 43. Kd1 h5 44. Ke2 h4 45. Rh6 h3 46. Rh4+ 1-0